A martial therapy consultation

Sparad:
Bibliografiska uppgifter
Huvudupphovsman: Kaslow, Florence W.
Materialtyp: Bok
Språk:Undetermined
Publicerad: New York Brunner/ Mazel, Inc 1984
Ämnen:
Taggar: Lägg till en tagg
Inga taggar, Lägg till första taggen!
Thư viện lưu trữ: Trung tâm Học liệu Trường Đại học Cần Thơ
LEADER 00538nam a2200193Ia 4500
001 CTU_102599
008 210402s9999 xx 000 0 und d
020 |c 117.99 
082 |a 616.8914 
082 |b K19 
100 |a Kaslow, Florence W. 
245 2 |a A martial therapy consultation 
245 0 |c Florence W. Kaslow, Steven Hawthorne 
260 |a New York 
260 |b Brunner/ Mazel, Inc 
260 |c 1984 
650 |a Marital psychotherapy 
904 |i Năm, H.Mai 
980 |a Trung tâm Học liệu Trường Đại học Cần Thơ